Autorský zákon úplné znenie zákona : právny stav k 1. októbru 2025

Bibliographic Details
Corporate Author: Slovensko (Author)
Format: Book
Language:Slovak
PhysicalDescription:87 strán 21 cm
Published: Šamorín Heuréka 2025
ISBN:9788081732133
Edition:Prvé vydanie
Series:Zákony (Heuréka)
Subjects:

MARC

LEADER 00000nam a2200000 4500
001 vtls012290580
003 SK-MaSNL
005 20260426004023.0
008 260128s2025 xo g ln 000 0 slo
020 |a 9788081732133  |q (brožované) 
040 |a SNK  |b slo  |c SNK  |e rda 
041 0 |a slo 
043 |a e-xo--- 
044 |a xo  |c SK 
072 7 |a 347.7  |x Obchodné právo. Finančné právo. Právo priemyselného vlastníctva. Patentové právo. Autorské právo  |2 konspekt 
080 |a 347.78  |2 2011 
080 |a (437.6)  |2 2011 
080 |a (094.5)  |2 2011 
110 1 |a Slovensko  |4 aut  |9 266955 
240 1 0 |a Autorský zákon (2015, novela 2025) 
245 1 0 |a Autorský zákon  |b úplné znenie zákona : právny stav k 1. októbru 2025 
250 |a Prvé vydanie 
264 1 |a Šamorín  |b Heuréka  |c 2025 
300 |a 87 strán  |c 21 cm 
336 |a text  |b txt  |2 rdacontent 
337 |a bez média  |b n  |2 rdamedia 
338 |a zväzok  |b nc  |2 rdacarrier 
490 1 |a Zákony 
500 |a Obsahuje poznámky pod čiarou 
504 |a Obsahuje bibliografické odkazy 
650 0 7 |a autorské právo  |2 SNKPH  |9 2215 
650 0 7 |a Copyright  |2 SNKPHeng  |9 296448 
651 7 |a Slovensko  |2 SNKPHgeo  |9 14231 
651 7 |a Slovakia  |2 SNKPHeng  |9 92630 
655 7 |a zákony  |2 SNKPH  |9 70186 
655 7 |a Laws  |2 SNKPHeng  |9 266957 
830 0 |a Zákony (Heuréka)  |9 311615 
852 |a Slovenská národná knižnica 
919 |a 978-80-8173-213-3 
999 |c 961539  |d 963469 
952 |a SNK  |b SNK  |y NEVYP  |7 1  |p 17A1508020  |o snkSC 213305  |i snk2026/2042  |8 0  |0 0  |1 0  |4 0  |d 2026-02-06  |l 0  |r 2026-02-24 10:22:03  |w 2026-02-24